Flagi wszystkich kolonii brytyjskich w historii - Statystyki

Ogólne statystyki
  • Ten quiz został rozwiązany 17 razy
  • Średni wynik to 25 z 140
Statystyki odpowiedzi
Obrazkowy Hint Odpowiedź % Poprawnych
1880–1971 Bahrajn
71%
1910–1949 Bhutan
71%
1813–1964 Malta
71%
1952–1970 Tonga
71%
1333– Wyspa Man
71%
1901–1942 Australia
57%
1888–1984 Brunei
57%
1952–1970 Fidżi
57%
1713– Gibraltar
57%
1204– Guernsey
57%
1487– Jersey
57%
1916–1971 Katar
57%
1796–1965 Malediwy
57%
1920–1948 Palestyna
57%
1899–1956 Sudan
57%
1839–1842, 1879–1919 Afganistan
43%
1670–1973 Bahamy
43%
1627–1966 Barbados
43%
1612– Bermudy
43%
1882–1922 Egipt
43%
1833– Falklandy
43%
1757–1947 Indie
43%
1922–1961 Kamerun
43%
1956– Montserrat
43%
1914–1954 Nigeria
43%
1900–1914 Nigeria Północna
43%
1835–1947 Nowa Zelandia
43%
1824–1878, 1976–1980 Nowe Hebrydy
43%
1962– Turks i Caicos
43%
1894–1962 Uganda
43%
1900–1958 Wyspa Bożego Narodzenia
43%
1831–1955 Wyspy Kokosowe
43%
1910–1961 Związek Południowej Afryki
43%
1980– Anguilla
29%
1884–1900 Delta Nigru
29%
1908– Georgia Południowa i Sandwich Południowy
29%
1794–1843 Hawaje
29%
1920–1932 Irak
29%
1962– Kajmany
29%
1841–1965 Kanada
29%
1843–1910 Natal
29%
1900–1914 Nigeria Południowa
29%
1899–1900 Niue
29%
1919–1949 Nowa Gwinea
29%
1884–1949 Papua
29%
1893–1968 Suazi
29%
1816– Tristan da Cunha
29%
1815– Wyspa Wniebowstąpienia
29%
1960– Wyspy Dziewicze
29%
1976–1979 Wyspy Gilberta
29%
1976–1979 Wyspy Lagunowe
29%
1821–1957 Złote Wybrzeże
29%
1920–1949 Afryka Południowo-Zachodnia
14%
1204– Alderney
14%
1885-1966 Beczuana
14%
1937–1948 Birma
14%
1882–1963 Borneo Północne
14%
1878–1960 Cypr
14%
1942–1951 Cyrenajka
14%
1816–1965 Gambia
14%
1920–1963 Kenia
14%
1795–1910 Kolonia Przylądkowa
14%
1851–1871 Kolumbia
14%
1907–1953 Niasa
14%
1583–1949 Nowa Fundlandia
14%
1838–1898, 1970– Pitcairn
14%
1763–1791 Quebec
14%
1924–1964 Rodezja Północna
14%
1923–1965 Rodezja Południowa
14%
1902–1910 Rzeka Oranje
14%
1656– Święta Helena
14%
1919–1964 Tanganika
14%
1921–1949 Transjordania
14%
1839–1963 Aden
0%
1893–1907 Afryka Centralna
0%
1895–1920 Afryka Zachodnia
0%
1960– Akrotiri i Dhekelia
0%
1956–1981 Antigua i Barbuda
0%
1836–1901 Australia Południowa
0%
1851–1901 Australia Zachodnia
0%
1843–1966 Basuto
0%
1796–1948 Cejlon
0%
1791–1841 Dolna Kanada
0%
1962–1978 Dominika
0%
1791–1841 Górna Kanada
0%
1962–1974 Grenada
0%
1814–1966 Gujana
0%
1807–1890 Helgoland
0%
1665–1981 Honduras
0%
1843–1997 Hong Kong
0%
1670–1958 Jamajka
0%
1882–1956 Kanał Sueski
0%
1899–1961 Kuwejt
0%
1946–1957 Malaje
0%
1810–1968 Mauritius
0%
1714–1756, 1798–1802 Minorka
0%
1788–1901 Nowa Południowa Walia
0%
1713–1867 Nowa Szkocja
0%
1784–1867 Nowy Brunszwik
0%
1820–1971 Oman Traktatowy
0%
1859–1901 Queensland
0%
1888–1900 Rarotonga
0%
1890–1924, 1964–1965 Rodezja
0%
1953–1963 Rodezja i Niasa
0%
1958–1962, 1980–1983 Saint Kitts i Nevis
0%
1962–1979 Saint Lucia
0%
1962–1979 Saint Vincent i Grenadyny
0%
1889–1900 Samoa
0%
1842–1963 Sarawak
0%
1810–1976 Seszele
0%
1808–1961 Sierra Leone
0%
1890–1947 Sikkim
0%
1826–1867, 1946–1959 Singapur
0%
1884–1960 Somali
0%
1826–1946 Straits Settlements
0%
1856–1901 Tasmania
0%
1670–1870 Terytoria Północno-Zachodnie
0%
1877–1976 Terytoria Zachodniego Pacyfiku
0%
1908– Terytorium Antarktyczne
0%
1965–2025 Terytorium Oceanu Indyjskiego
0%
1916-1956 Togo
0%
1889–1898 Tokelau
0%
1877–1881,1902–1910 Transwal
0%
1889–1962 Trynidad i Tobago
0%
1942–1951 Trypolitania
0%
1733–1776 Trzynaście Kolonii
0%
1849–1866 Vancouver
0%
1898–1930 Weihaiwei
0%
1851–1901 Wiktoria
0%
1668–1861 Wybrzeże Moskitów
0%
1769–1873 Wyspa Księcia Edwarda
0%
1892–1916 Wyspy Gilberta i Lagunowe
0%
1815–1864 Wyspy Jońskie
0%
1671–1960 Wyspy Podwietrzne
0%
1971–1978 Wyspy Salomona
0%
1833–1958 Wyspy Zawietrzne
0%
1861–1964 Zanzibar
0%
1670–1870 Ziemia Ruperta
0%
1825–1856 Ziemia Van Diemena
0%
1979–1980 Zimbabwe-Rodezja
0%
Nie znaleziono quizów pasujących do podanych kryteriów
Rozkład punktacji
Procent ludzi z każdym wynikiem
Percentyl według liczby udzielonych odpowiedzi
Twoja historia wyników
Nie rozwiązałeś tego quizu